हिन्दी कहानी 1995 / (Record no. 116393)

MARC details
000 -LEADER
fixed length control field 01333nam a22003017a 4500
003 - CONTROL NUMBER IDENTIFIER
control field dpl
005 - DATE AND TIME OF LATEST TRANSACTION
control field 20180720125505.0
008 - FIXED-LENGTH DATA ELEMENTS--GENERAL INFORMATION
fixed length control field 180720b xxu||||| |||| 00| 0 eng d
010 ## - LIBRARY OF CONGRESS CONTROL NUMBER
LC control number A-934577
020 ## - INTERNATIONAL STANDARD BOOK NUMBER
Terms of availability 125.00
035 ## - SYSTEM CONTROL NUMBER
System control number A-934577, A-934581
037 ## - SOURCE OF ACQUISITION
Source of stock number/acquisition Cen Lib/Ret
040 ## - CATALOGING SOURCE
Original cataloging agency DPL
Language of cataloging HN
Transcribing agency 0
082 ## - DEWEY DECIMAL CLASSIFICATION NUMBER
Classification number
Item number हिंदीक
245 ## - TITLE STATEMENT
Title हिन्दी कहानी 1995 /
Statement of responsibility, etc संपादक राकेशगुप्त [एवं] ऋषिकुमार चतुर्वेदी
246 ## - VARYING FORM OF TITLE
Title proper/short title Hindi kahani 1995 /
Remainder of title sapadak Rakeshgupt [evam] Rishikumar Chaturvedi
260 ## - PUBLICATION, DISTRIBUTION, ETC. (IMPRINT)
Place of publication, distribution, etc अलीगढ
Name of publisher, distributor, etc ग्रन्थागार
Date of publication, distribution, etc 1998
270 ## - ADDRESS
City अलीगढ
Address सर्वोदय नगर, सासनी गेट
Postal code 2020001
300 ## - PHYSICAL DESCRIPTION
Extent 185p.
Dimensions 19से.मी. (सजिल्द)
500 ## - GENERAL NOTE
General note अनुक्रमाणिका शामिल
650 ## - SUBJECT ADDED ENTRY--TOPICAL TERM
Topical term or geographic name as entry element हिंदी साहित्य
9 (RLIN) 66300
650 ## - SUBJECT ADDED ENTRY--TOPICAL TERM
Topical term or geographic name as entry element हिंदी साहित्य
General subdivision कहानियां
9 (RLIN) 66301
650 ## - SUBJECT ADDED ENTRY--TOPICAL TERM
Topical term or geographic name as entry element Hindi literature
9 (RLIN) 66302
650 ## - SUBJECT ADDED ENTRY--TOPICAL TERM
Topical term or geographic name as entry element Hindi literature
General subdivision stories
9 (RLIN) 66303
700 ## - ADDED ENTRY--PERSONAL NAME
Personal name राकेशगुप्त
9 (RLIN) 43304
700 ## - ADDED ENTRY--PERSONAL NAME
Personal name चतुर्वेदी, ऋषिकुमार
9 (RLIN) 45019
942 ## - ADDED ENTRY ELEMENTS (KOHA)
Source of classification or shelving scheme Dewey Decimal Classification
Koha item type Hindi Books
Classification part
Call number suffix हिंदीक
Holdings
Withdrawn status Lost status Damaged status Not for loan Home library Current library Date acquired Source of acquisition Cost, normal purchase price Total Checkouts Full call number Barcode Date last seen Copy number Cost, replacement price Price effective from Koha item type Source of classification or shelving scheme Collection code
        Central Library Central Library 24/08/2015 Cen Lib/Ref 125.00   क हिंदीक A-934577 24/08/2015 1 125.00 24/08/2015 Hindi Books    
        Shahdara Branch Shahdara Branch 20/07/2018 BPPD/PUB 125.00   क हिंदीक A-934581 20/07/2018   125.00 20/07/2018 Hindi Books Dewey Decimal Classification Fiction

© Delhi Public Library
Hit Counter
free hit counter